000 00639cam a22002293a 4500
001 11911
003 PGUSA
005 20140828083242.0
008 040401s2004||||xxu|||||s|||||000 e eng d
040 _aPGUSA
_beng
042 _adc
050 4 _aPR
100 1 _aBenson, Arthur Christopher,
_d1862-1925
245 1 4 _aThe Silent Isle
_h[electronic resource] /
_cArthur Christopher Benson
260 _bProject Gutenberg,
_c2004
506 _aPublic domain in the USA.
516 _aElectronic text
653 _aEnglish essays
830 0 _aProject Gutenberg
_v11911
856 4 0 _uhttp://www.gutenberg.org/ebooks/11911
942 _cEB
999 _c241166
_d241166